000 01274nam a2200265Ia 4500
999 _c52921
_d52921
001 19951
003 GE_BSU
005 20200519230609.0
008 181216s1978||||ge |||||||||||||| ||geo||
040 _cGE_BSU
041 _ageo
080 _a811.353.1 + 910.14(479.22) ზ–34
100 _aზარდალიშვილი, გრიგოლ
_98105
245 _aთბილისისა და მისი მიდამოების ტოპონიმია /
_cგრიგოლ ზარდალიშვილი ; რედ. ი. სიხარულიძე.
264 _aთბილისი :
_bთბილ. უნ-ტის გამ-ბა,
_c1978.
300 _a87 გვ. ;
_c20სმ.
504 _aლიტ. სია : გვ. 86-87
541 _h20თ.
653 _aთბილისის ტოპონიმიკა
653 _aთბილისისა და მისი მიდამოების ტოპონიმია
653 _aქართული ენა
700 _aსიხარულიძე, ი.
_eრედაქტორი
_98106
710 _aსაქ. სსრ ი. გოგებაშვილის სახ. პედ. საზ-ბა
_98107
942 _cBK
_2udc